000 00328nam a22001457a 4500
003 SGT
020 _a81-85731-01-2
082 _a615.4
_bH16D
100 _aDANDIYA,P.C
245 _aA TEXT BOOK OF HOSPITAL AND CLINICAL PHARMACY
250 _a4TH
260 _aDELHI
_bVALLABH PUB
_c2016
300 _a632
942 _2ddc
_cBK
_027
999 _c11128
_d11128